|
|
|
|
| LEADER |
01142nam a2200301 4500 |
| 001 |
38442 |
| 003 |
BD-DhAAL |
| 005 |
20220424121943.0 |
| 008 |
720215s1972 nyu bs 001 0 eng |
| 999 |
|
|
|c 44128
|d 44128
|
| 010 |
|
|
|a 75154879
|
| 020 |
|
|
|a 0060415576
|
| 040 |
|
|
|a DLC
|c DLC
|d DLC
|d BD-DhAAL
|
| 043 |
|
|
|a n-us---
|
| 050 |
0 |
0 |
|a HC105
|b .A63
|
| 082 |
0 |
0 |
|a 330.973
|
| 245 |
0 |
0 |
|a American economic growth :
|b an economist's history of the United States /
|c edited by Lance E. Davis [and others].
|
| 260 |
|
|
|a New York :
|b Harper & Row,
|c c1972.
|
| 300 |
|
|
|a xvi, 683 pages ;
|c 25 cm.
|
| 504 |
|
|
|a Includes bibliographical references.
|
| 541 |
|
|
|a Donated By Akbar Ali Khan
|e 38442
|
| 651 |
|
0 |
|a United States
|x Economic conditions.
|9 48201
|
| 700 |
1 |
|
|a Davis, Lance E.
|q (Lance Edwin)
|9 48202
|
| 700 |
1 |
|
|a Easterlin, Richard A.
|9 48203
|
| 700 |
1 |
|
|a Parker, William N.
|9 48204
|
| 852 |
|
|
|a Ayesha Abed Library
|c Akbar Ali Khan Collection
|
| 942 |
|
|
|2 ddc
|c BK
|
| 952 |
|
|
|0 0
|1 0
|2 ddc
|4 0
|6 330_973000000000000_AME
|7 1
|9 70546
|a BRACUL
|b BRACUL
|c AAKC
|d 2022-04-24
|e Donated by Akbar Ali Khan
|l 0
|o 330.973 AME
|p 3010038442
|r 2022-04-24
|t 1
|w 2022-04-24
|y BK
|